Catalog

Record Details

Catalog Search



Chosen  Cover Image Book Book

Chosen / Ted Dekker.

Dekker, Ted, 1962- (Author).

Summary:

As the land of the Forest Dwellers is increasingly decimated by the Horde, Thomas Hunter, supreme commander of the Forest Guard, choses four sixteen-year-old recruits for a special mission--to find the seven lost Books of History that have power over the past, present, and future.

Record details

  • ISBN: 9781595543592
  • ISBN: 1595543597
  • Physical Description: 260 pages ; 22 cm.
  • Publisher: Nashville : Thomas Nelson, c2007.
Subject: Hunter, Thomas (Fictitious character) > Fiction.
Fantasy.
Religious fiction.
Genre: Fantasy fiction.
Christian fiction.

LDR 01418cam a2200349 a 4500
001133173
003CONS
00520141216090032.0
008070809s2007 tnu d 000 1 eng d
010 . ‡a 2007032976
020 . ‡a9781595543592
020 . ‡a1595543597
035 . ‡a(CPomAG)LMN505173
042 . ‡alcac
05000. ‡aPS3554.E43 ‡bC47 2007
08200. ‡a813/.54 ‡222
08214. ‡a[Fic] ‡222
1001 . ‡aDekker, Ted, ‡d1962-
24510. ‡aChosen / ‡cTed Dekker.
260 . ‡aNashville : ‡bThomas Nelson, ‡cc2007.
300 . ‡a260 pages ; ‡c22 cm.
4900 . ‡aLost books ; ‡vbk. 1
520 . ‡aAs the land of the Forest Dwellers is increasingly decimated by the Horde, Thomas Hunter, supreme commander of the Forest Guard, choses four sixteen-year-old recruits for a special mission--to find the seven lost Books of History that have power over the past, present, and future.
650 0. ‡aHunter, Thomas (Fictitious character) ‡vFiction.
650 1. ‡aFantasy.
650 0. ‡aReligious fiction.
655 7. ‡aFantasy fiction. ‡2gsafd
655 7. ‡aChristian fiction. ‡2gsafd
8001 . ‡aDekker. Ted. ‡d1962- ‡tLost books ; ‡vbk. 1.
85642. ‡3Publisher description ‡uhttp://www.loc.gov/catdir/enhancements/fy0743/2007032976-d.html ‡zPublisher description
959 . ‡i32269000875164 ‡lF Dek ‡aAdult - Fiction ‡tFiction ‡g10.00
852 . ‡p32269000875164 ‡jF Dek ‡gAdult - Fiction ‡cFiction ‡y10.00 ‡bSBPL
901 . ‡a133173 ‡bUnknown ‡c133173 ‡tbiblio

Additional Resources